000 00605nam a2200229Ia 4500
003 OSt
005 20230511143841.0
008 210423s2010 xx 000 0 und d
020 _a9788126525355
040 _cAL
041 _aeng
082 _a660.6
_223
_bREHH
100 _aREHM (H J);REED (G),Ed.
_9103298
245 _aBiotechnology: products of secondary metabolism.
250 _a2
260 _aNew Delhi
_bWiley India Pvt Ltd
_c2010
300 _axiv,728
_bHB
365 _b3252
_cINR
440 _v7
906 _aBiotechnology: ; metabolism. ; products ; secondary
942 _2ddc
_cBK
999 _c164249
_d164249